Central Library OPAC University of Rajshahi

The chemistry of penicillin / (Record no. 9746)

MARC details
000 -LEADER
fixed length control field 01450cam a2200325 4500
001 - CONTROL NUMBER
control field 9746
003 - CONTROL NUMBER IDENTIFIER
rucl marc code BD-RjUL
005 - DATE AND TIME OF LATEST TRANSACTION
control field 20211208234829.0
008 - FIXED-LENGTH DATA ELEMENTS--GENERAL INFORMATION
fixed length control field 740730s1949 njua 000 0 eng
035 ## - SYSTEM CONTROL NUMBER
System control number (OCoLC)ocm00966849
System control number (BD-RjUL)
System control number (NNC)1502951
040 ## - CATALOGING SOURCE
Original cataloging agency DLC
Transcribing agency YNG
Modifying agency OCL
-- SER
Language of cataloging eng
041 ## - LANGUAGE CODE
Language code of text/sound track or separate title eng
082 ## - DEWEY DECIMAL CLASSIFICATION NUMBER
Classification number 615.32924
Author mark and year CHE 1949
096 ## - LOCALLY ASSIGNED NLM-TYPE CALL NUMBER (OCLC)
Classification number QV354
Item number .N277c 1949
110 2# - MAIN ENTRY--CORPORATE NAME
Corporate name or jurisdiction name as entry element National Academy of Sciences (U.S.)
9 (RLIN) 5760
245 14 - TITLE STATEMENT
Title The chemistry of penicillin /
Remainder of title report on a collaborative investigation by American and British chemists under the joint sponsorship of the Office of Scientific Research and Development, Washington, D.C., and the Medical Research Council, London.
Statement of responsibility, etc. Comp. under the auspices of the National Academy of Sciences, Washington, D.C., pursuant to a contract with the Office of Scientific Research and Development. Editorial Board: Hans T. Clarke, John R. Johnson [and] Sir Robert Robinson.
260 ## - PUBLICATION, DISTRIBUTION, ETC. (IMPRINT)
Place of publication, distribution, etc. Princeton,
Name of publisher, distributor, etc. Princeton Univ. Press,
Date of publication, distribution, etc. 1949.
300 ## - PHYSICAL DESCRIPTION
Pagination x, 1094 p.:
Illustrations illus.;
Size 28 cm.
650 #0 - SUBJECT ADDED ENTRY--TOPICAL TERM
Topical term or geographic name as entry element Penicillin.
9 (RLIN) 30128
Topical term or geographic name as entry element Penicillins
General subdivision analysis.
9 (RLIN) 30130
Topical term or geographic name as entry element Penicillins
General subdivision chemical synthesis.
9 (RLIN) 30131
700 1# - ADDED ENTRY--PERSONAL NAME
Personal name Clarke, Hans Thacher,
Dates associated with a name 1887-1972,
Relator term editor.
710 1# - ADDED ENTRY--CORPORATE NAME
Corporate name or jurisdiction name as entry element United States.
Subordinate unit Office of Scientific Research and Development.
9 (RLIN) 30133
942 ## - ADDED ENTRY ELEMENTS (KOHA)
Source of classification or shelving scheme Dewey Decimal Classification
Koha item type Books
Holdings
Lost status Source of classification or shelving scheme Damaged status Not for loan Collection code Permanent Location Current Location Shelving location Date acquired Source of acquisition Cost, normal purchase price Total Checkouts Full call number Date last seen Copy number Koha item type
  Dewey Decimal Classification   Not For Loan Non-fiction Central Library, University of Rajshahi Central Library, University of Rajshahi Reading Room 05/02/1958 Oxford univ.press 234.00   615.32924 CHE 1949 21/01/2014 C-1 Books
  Dewey Decimal Classification     Non-fiction Central Library, University of Rajshahi Central Library, University of Rajshahi   20/10/1973 U. S. Govt. 0.00   615.32924 CHE 1949 14/05/2017 C-2 Books
  Dewey Decimal Classification     Non-fiction Central Library, University of Rajshahi Central Library, University of Rajshahi   20/10/1973 U. S. Govt. 0.00   615.32924 CHE 1949 14/05/2017 C-3 Books